000
00219nam a22000857a 4500
008
160831b xxu||||| |||| 00| 0 eng d
100
_9
277
_a
Om kidz
245
_a
The best of Akbar & Birbal
260
_a
New Delhi
_b
Om kidz
_c
2012
999
_c
2935
_d
2935